000 00376nam a2200133Ia 4500
008 220217s9999||||xx |||||||||||||| ||und||
020 _a978-81-2614-383-2
082 _a005.133 MAT
100 _aMathur, N.B.L
245 0 _aC++ programming language
260 _aAnmol publications
_bNew Delhi
_c2010
300 _aVII,280p.;28cm
_b295
650 _aPROGRAMMING LANGUAGE
999 _c181194
_d181194